Introduction to medical imaging (Record no. 39304)

000 -LEADER
fixed length control field 00626nam a22002177a 4500
001 - CONTROL NUMBER
control field 39304
003 - CONTROL NUMBER IDENTIFIER
control field BD-DhUET
008 - FIXED-LENGTH DATA ELEMENTS--GENERAL INFORMATION
fixed length control field 160816b xxu||||| |||| 00| 0 eng d
020 ## - INTERNATIONAL STANDARD BOOK NUMBER
International Standard Book Number 9780521190657
040 ## - CATALOGING SOURCE
Transcribing agency 0
Modifying agency BD-DhUET
082 ## - DEWEY DECIMAL CLASSIFICATION NUMBER
Classification number 616.0754
Item number SMI/2011
100 ## - MAIN ENTRY--PERSONAL NAME
Personal name Smith, Nadine Barrie
245 ## - TITLE STATEMENT
Title Introduction to medical imaging
Remainder of title physics, engineering and clinical applications
250 ## - EDITION STATEMENT
Edition statement 1st ed.
260 ## - PUBLICATION, DISTRIBUTION, ETC. (IMPRINT)
Place of publication, distribution, etc. Cambridge
Name of publisher, distributor, etc. Cambridge University Press
Date of publication, distribution, etc. 2011
300 ## - PHYSICAL DESCRIPTION
Extent xii,286p.
504 ## - BIBLIOGRAPHY, ETC. NOTE
Bibliography, etc Includes bibliographies
650 #0 - SUBJECT ADDED ENTRY--TOPICAL TERM
Topical term or geographic name as entry element Diagnostic imaging-Digital techniques
700 ## - ADDED ENTRY--PERSONAL NAME
Personal name Webb, Andrew
942 ## - ADDED ENTRY ELEMENTS (KOHA)
Koha item type General Book
Holdings
Price effective from Sublocation or collection (holding branch) Location (home branch) Withdrawn status Shelving location Damaged status Koha item type Koha issues (times borrowed) Source of classification or shelving scheme Copy number Piece designation (barcode) Lost status Koha renewals Koha full call number Koha date last seen Koha out on loan Not for loan Koha normalized classification for sorting Date acquired Koha date last borrowed
2016-08-16Central Library, BUETCentral Library, BUET Circulation section General Book2 1114673 2616.0754/SMI/20112022-02-262025-11-29 616_075400000000000_SMI_20112016-08-162022-02-26
2016-08-16Central Library, BUETCentral Library, BUET Circulation section General Book  2114674  616.0754/SMI/20112016-08-16  616_075400000000000_SMI_20112016-08-16 
2025-07-02Central Library, BUETCentral Library, BUET Circulation section General Book1 3120320  616.0754/SMI/20112025-11-292026-11-29 616_075400000000000_SMI_20112025-04-302025-11-29
2025-07-02Central Library, BUETCentral Library, BUET Circulation section General Book  4120321  616.0754/SMI/20112025-07-02  616_075400000000000_SMI_20112025-04-30 
2025-07-02Central Library, BUETCentral Library, BUET Circulation section General Book  5120322  616.0754/SMI/20112025-07-02  616_075400000000000_SMI_20112025-04-30